书目信息 |
| 题名: |
交通冲突技术
|
|
| 作者: | 海顿 , 海顿 著 | |
| 分册: | ||
| 出版信息: | 峨嵋 西南交通大学出版社 1994.09 |
|
| 页数: | 296页 | |
| 开本: | 32开 | |
| 丛书名: | ||
| 单 册: | ||
| 中图分类: | U491.265 | |
| 科图分类: | ||
| 主题词: | 交通工程--技术管理 , 公路运输--技术管理 | |
| 电子资源: | ||
| ISBN: | 7-81022-690-8 | |
| 000 | 00643nam0 2200217 45 | |
| 001 | 0011161605 | |
| 005 | 20001116164113.8 | |
| 010 | @a7-81022-690-8@d10.00元 | |
| 100 | @a20001116d1994 km y0chiy0120 ea | |
| 101 | 0 | @achi |
| 105 | @a z 000yy | |
| 200 | 1 | @a交通冲突技术@AJiao Tong Chong Tu Ji Shu@f(瑞典)海顿著;张苏译@F(Rui Dian)Hai Dun Zhu;Zhang Su Yi |
| 210 | @a峨嵋@c西南交通大学出版社@d1994.09 | |
| 215 | @a296页@d32开 | |
| 606 | 0 | @a交通工程@x技术管理 |
| 606 | 0 | @a公路运输@x技术管理 |
| 690 | @aU491.265@v3 | |
| 701 | 0 | @a海顿@4著 |
| 701 | 0 | @a海顿@4著 |
| 801 | @aCN@bPftUser@c20001116 | |
| 905 | @b409354-358@dU491.265@eH.858@f5 | |
| 交通冲突技术/(瑞典)海顿著;张苏译.-峨嵋:西南交通大学出版社,1994.09 |
| 296页;32开 |
| ISBN 7-81022-690-8:10.00元 |
| ● |
| 相关链接 |
|
|
|
正题名:交通冲突技术
索取号:U491.265/H.858
 
预约/预借
| 序号 | 登录号 | 条形码 | 馆藏地/架位号 | 状态 | 备注 |
| 1 | 409354 | 204093541 | 自科二线404/404自科库 2排4列2层/ [索取号:U491.265/H.858] | 在馆 | |
| 2 | 409355 | 204093550 | 自科库501/501自科库 58排3列5层/ [索取号:U491.265/H.858] | 在馆 | |
| 3 | 409356 | 204093569 | 自科库501/501自科库 58排3列5层/ [索取号:U491.265/H.858] | 在馆 | |
| 4 | 409357 | 204093578 | 自科二线404/404自科库 2排4列2层/ [索取号:U491.265/H.858] | 在馆 | |
| 5 | 409358 | 204093587 | 自科二线404/404自科库 2排4列2层/ [索取号:U491.265/H.858] | 在馆 |